Conference report /
Es un informe sobre una conferencia que abordó el tema de la repatriación de personas desplazadas en Centroamérica debido a conflictos armados. La autora presenta los puntos principales discutidos en la conferencia y destaca las dificultades y desafíos en la repatriación de refugiados.RAR/13/12/2022...
Zapisane w:
| Korporacja: | |
|---|---|
| Kolejni autorzy: | |
| Format: | Materiały konferencyjne Książka |
| Język: | English |
| Wydane: |
Washington, D.C.:
Center for Immigration Policy and Refugee Assistance,
1991
|
| Hasła przedmiotowe: | |
| Etykiety: |
Dodaj etykietę
Nie ma etykietki, Dołącz pierwszą etykiete!
|
MARC
| LEADER | 00000nam a22000007a 4500 | ||
|---|---|---|---|
| 003 | cru CIDCACS/IIS | ||
| 005 | 20230707100828.0 | ||
| 007 | ta | ||
| 008 | 181206t1991 wau|||||r|||||||| ||eng d | ||
| 040 | |c cru CIDCACS/IIS | ||
| 090 | |a 11.03.03 L324r | ||
| 111 | 2 | |9 8100 |a Repatriation under conflict: the Central American Case |c (Washington, D.C. |d 1990 december 10-17) | |
| 245 | 1 | |a Conference report / |c compiled by Mary Ann Larkin | |
| 260 | |a Washington, D.C.: |b Center for Immigration Policy and Refugee Assistance, |c 1991 | ||
| 300 | |a 29 páginas | ||
| 520 | 3 | |a Es un informe sobre una conferencia que abordó el tema de la repatriación de personas desplazadas en Centroamérica debido a conflictos armados. La autora presenta los puntos principales discutidos en la conferencia y destaca las dificultades y desafíos en la repatriación de refugiados.RAR/13/12/2022 | |
| 650 | 0 | 0 | |9 2755 |a REPATRIACIÓN DE CAPITALES |
| 650 | 0 | 0 | |9 4728 |a CONFLICTOS |
| 650 | 0 | 0 | |9 4360 |a ESTUDIOS DE CASOS |
| 650 | 0 | 0 | |9 2860 |a REFUGIADOS |
| 650 | 0 | 0 | |9 38 |a DERECHOS HUMANOS |
| 650 | 0 | 0 | |9 72 |a INTEGRACION SOCIAL |
| 651 | 0 | |9 1861 |a NICARAGUA | |
| 651 | 4 | |9 2652 |a HONDURAS | |
| 651 | 0 | |9 32 |a COSTA RICA | |
| 700 | 1 | |a Larkin, Mary Ann |9 8101 | |
| 942 | |2 ddc |c LI |h 11.03.03 L324r |i 02033 |6 110303_L324R_02033 | ||
| 999 | |c 41975 |d 41975 | ||
